| 000 | 00527nam a22001937a 4500 | ||
|---|---|---|---|
| 003 | OSt | ||
| 005 | 20180116183105.0 | ||
| 008 | 170728b xxu||||| |||| 00| 0 eng d | ||
| 020 | _a9789385676345 | ||
| 040 | _c0 | ||
| 082 | _a005.74 CHO 2016 | ||
| 100 | _aDr.Rajiv Chopra | ||
| 245 |
_aDatabase Management Systems (DBMS) _bAPractical Approach _cDr.Rajiv Chopra |
||
| 250 | _a5th Ed. | ||
| 260 |
_aNew Delhi _bS. Chand _c2016 |
||
| 300 |
_a665p. _bpb |
||
| 440 | _aDatabase Management Systems (DBMS) | ||
| 942 |
_2ddc _cBK |
||
| 999 |
_c352006 _d352006 |
||